[Event "4NCL/Div2/BRI1 vs. 3CS2"]
[Site "West Bromwich ENG"]
[Date "2004.05.03"]
[Round "9.2"]
[White "James, Dale R"]
[Black "Beaumont, Chris"]
[Result "0-1"]
[WhiteElo "2200"]
[BlackElo "2336"]
[PlyCount "55"]
[EventDate "2004.05.03"]

1. e4 g6 2. f4 d5 3. e5 c5 4. Nf3 Nh6 5. Nc3 Bg7 6. h3 Nf5 7. Ne2 h5 8. g3 Qb6
9. Bg2 c4 10. d4 cxd3 11. Qxd3 Nc6 12. c3 Bd7 13. Qxd5 Be6 14. Qe4 O-O-O 15.
Qc2 Bd5 16. Ned4 Nxg3 17. Be3 Be4 18. Qf2 Nxh1 19. Bxh1 Qa6 20. Bg2 Bh6 21. Bf1
Qa5 22. Nb3 Qc7 23. Nfd4 a6 24. Nc5 Nxd4 25. Bxd4 Qc6 26. Qe3 Bg2 27. Be2 Bg7
28. h4 {remainder illegible} 0-1

[Event "4NCL/Div2/BRI1 vs. 3CS2"]
[Site "West Bromwich ENG"]
[Date "2004.05.03"]
[Round "9.3"]
[White "Buckley, Simon T"]
[Black "Plant, Paul"]
[Result "1/2-1/2"]
[WhiteElo "2294"]
[BlackElo "2097"]
[PlyCount "37"]
[EventDate "2004.05.03"]

1. c4 Nf6 2. g3 c6 3. Qa4 d5 4. cxd5 b5 5. Qb3 Qxd5 6. Qxd5 cxd5 7. Bg2 Bb7 8.
Nf3 Nc6 9. d4 e6 10. Bf4 Bb4+ 11. Bd2 Bd6 12. Bf4 Bb4+ 13. Bd2 Bd6 14. O-O O-O
15. Bf4 Be7 16. Nbd2 Ne4 17. Nb3 a5 18. Ne5 a4 19. Nxc6 1/2-1/2

[Event "4NCL/Div2/BRI1 vs. 3CS2"]
[Site "West Bromwich ENG"]
[Date "2004.05.03"]
[Round "9.4"]
[White "Adams, Phil"]
[Black "Rudd, Jack"]
[Result "1/2-1/2"]
[WhiteElo "2077"]
[BlackElo "2253"]
[PlyCount "31"]
[EventDate "2004.05.03"]

1. e4 e5 2. Nc3 Nf6 3. Nf3 Nc6 4. d4 exd4 5. Nxd4 Bb4 6. Nxc6 bxc6 7. Bd3 d5 8.
exd5 cxd5 9. O-O O-O 10. Bg5 c6 11. Qf3 Be6 12. Ne2 Bg4 13. Bxf6 Bxf3 14. Bxd8
Bxe2 15. Bxe2 Rfxd8 16. Bf3 1/2-1/2

[Event "4NCL/Div2/BRI1 vs. 3CS2"]
[Site "West Bromwich ENG"]
[Date "2004.05.03"]
[Round "9.5"]
[White "Sherwin, James T"]
[Black "Kosteniuk, Oxana"]
[Result "1/2-1/2"]
[WhiteElo "2309"]
[BlackElo "2113"]
[PlyCount "61"]
[EventDate "2004.05.03"]

1. Nf3 d5 2. c4 e6 3. d4 c6 4. Qc2 Nf6 5. g3 Nbd7 6. Bg2 Bd6 7. O-O O-O 8. Nbd2
Qc7 9. e4 dxe4 10. Nxe4 Nxe4 11. Qxe4 Nf6 12. Qc2 c5 13. Bg5 cxd4 14. Nxd4 Qc5
15. Nb5 Qxg5 16. Nxd6 Rb8 17. Rad1 Qc5 18. Qc3 b6 19. b4 Qc7 20. Rd3 Bd7 21.
Rfd1 Bc6 22. Bxc6 Qxc6 23. Qe5 h6 24. f4 a6 25. h3 Nd7 26. Qe3 Nf6 27. a3 Rfd8
28. g4 Ne8 29. Ne4 Rxd3 30. Qxd3 Qc7 31. Qf1 1/2-1/2

[Event "4NCL/Div2/BRI1 vs. 3CS2"]
[Site "West Bromwich ENG"]
[Date "2004.05.03"]
[Round "9.6"]
[White "Martin, Katie"]
[Black "Buckley, David E"]
[Result "0-1"]
[WhiteElo "1993"]
[BlackElo "2203"]
[PlyCount "82"]
[EventDate "2004.05.03"]

1. e4 g6 2. d4 Bg7 3. Nf3 d6 4. Be3 c6 5. Nbd2 Nf6 6. Be2 O-O 7. O-O Nbd7 8. c3
e5 9. Qc2 Qe7 10. Rad1 exd4 11. Bxd4 Re8 12. Rfe1 b5 13. Bd3 Ne5 14. Nxe5 dxe5
15. Be3 Ng4 16. a4 Nxe3 17. Rxe3 a6 18. b4 Bh6 19. Re2 Bg4 20. f3 Be6 21. Nb3
Bf8 22. a5 Red8 23. Ree1 Bxb3 24. Qxb3 c5 25. bxc5 Qxc5+ 26. Kh1 Rac8 27. c4 b4
28. Qa4 Rd4 29. Bf1 Rcd8 30. h3 Rxd1 31. Rxd1 Rxd1 32. Qxd1 Qxa5 33. Kh2 Qa2
34. Bd3 Bc5 35. Qb1 b3 36. Qd1 a5 37. Bb1 Qf2 38. Qd8+ Kg7 39. Qd1 a4 40. Bd3
a3 41. Qa1 b2 0-1

[Event "4NCL/Div2/BRI1 vs. 3CS2"]
[Site "West Bromwich ENG"]
[Date "2004.05.03"]
[Round "9.7"]
[White "Collier, David O"]
[Black "Hazlehurst, Cory"]
[Result "1/2-1/2"]
[WhiteElo "2225"]
[BlackElo "1608"]
[PlyCount "55"]
[EventDate "2004.05.03"]

1. e4 c6 2. d4 d5 3. e5 Bf5 4. Nc3 Qb6 5. g4 Bd7 6. f4 e6 7. Nf3 c5 8. Ne2 Nc6
9. c3 Rc8 10. Bh3 cxd4 11. Nexd4 h5 12. g5 g6 13. Nb3 Na5 14. Nxa5 Qxa5 15. Be3
Qb5 16. Qd2 Bc5 17. Bxc5 Qxc5 18. Nd4 Ne7 19. Bf1 a6 20. a4 Nc6 21. Nxc6 Rxc6
22. Ra3 O-O 23. b4 Qe7 24. Bd3 Rfc8 25. O-O Be8 26. Rb3 Qc7 27. Rc1 Rb6 28. a5
1/2-1/2

[Event "4NCL/Div2/BRI1 vs. 3CS2"]
[Site "West Bromwich ENG"]
[Date "2004.05.03"]
[Round "9.8"]
[White "Wright, Jason"]
[Black "Ashby, Ann-Marie"]
[Result "1/2-1/2"]
[WhiteElo "1520"]
[BlackElo "2082"]
[PlyCount "72"]
[EventDate "2004.05.03"]

1. e4 e5 2. Nf3 Nc6 3. d4 exd4 4. Bc4 Nf6 5. e5 d5 6. Bb5 Ne4 7. Nxd4 Bd7 8.
Bxc6 bxc6 9. O-O Bc5 10. f3 Ng5 11. f4 Ne4 12. Be3 Bb6 13. Nc3 Nxc3 14. bxc3
O-O 15. Kh1 Qe7 16. a4 a5 17. Qe1 Rae8 18. Qg3 f6 19. e6 Bxe6 20. Nxc6 Qd7 21.
Nd4 Bf5 22. Nxf5 Qxf5 23. Bxb6 cxb6 24. Qf2 Re6 25. Rab1 Rc6 26. Qd4 Qe4 27. h3
Qxd4 28. cxd4 Rxc2 29. Rxb6 Rc4 30. Rb5 Rxd4 31. Rxa5 Re8 32. Ra7 Ree4 33. Rb1
Rb4 34. Rc1 Rec4 35. Re1 Kf8 36. a5 Re4 1/2-1/2

[Event "4NCL/Div2/SWD1 vs. MMNWE2"]
[Site "West Bromwich ENG"]
[Date "2004.05.03"]
[Round "9.1"]
[White "Cobb, James E"]
[Black "Carleton, John J"]
[Result "1-0"]
[WhiteElo "2325"]
[BlackElo "2286"]
[PlyCount "83"]
[EventDate "2004.05.03"]

1. d4 Nf6 2. Nf3 e6 3. g3 d5 4. c4 dxc4 5. Qa4+ Nbd7 6. Bg2 a6 7. Qxc4 c5 8.
dxc5 Bxc5 9. b4 Be7 10. O-O b5 11. Qb3 Bb7 12. Nc3 O-O 13. Rd1 Rc8 14. Bf4 Rc4
15. a3 Qb6 16. Rac1 Rfc8 17. Qb2 e5 18. Be3 Qc7 19. Nd2 Rxc3 20. Rxc3 Qxc3 21.
Qxc3 Rxc3 22. Bxb7 Rxa3 23. Ne4 h6 24. Nc5 Rxe3 25. fxe3 Bxc5 26. bxc5 Nxc5 27.
Rd8+ Kh7 28. Bc8 b4 29. Bf5+ g6 30. Bd3 Kg7 31. Kf1 b3 32. Ke1 a5 33. Kd2 a4
34. Ra8 Nfd7 35. Ra5 Kf6 36. Kc3 Ke7 37. Bb5 Nb6 38. Ra7+ Kd6 39. Rxf7 a3 40.
Rf6+ Ne6 41. Kxb3 a2 42. Kb2 1-0

[Event "4NCL/Div2/SWD1 vs. MMNWE2"]
[Site "West Bromwich ENG"]
[Date "2004.05.03"]
[Round "9.2"]
[White "Kennaugh, Charles W"]
[Black "Dineley, Richard D P"]
[Result "1/2-1/2"]
[WhiteElo "2290"]
[BlackElo "2269"]
[PlyCount "52"]
[EventDate "2004.05.03"]

1. e4 c5 2. Nf3 d6 3. d4 cxd4 4. Nxd4 Nf6 5. Nc3 e6 6. Bc4 Be7 7. a3 O-O 8. Ba2
Nc6 9. O-O Nxd4 10. Qxd4 Bd7 11. Bg5 Bc6 12. Rad1 Qa5 13. Qd2 Kh8 14. Rfe1 Rae8
15. Bb3 a6 16. Qc1 Qc5 17. Be3 Qh5 18. Bf4 Ng4 19. h3 Ne5 20. Ne2 Qg6 21. Ng3
f5 22. Qe3 fxe4 23. Bxe5 dxe5 24. Nxe4 Rf4 25. Ng3 Ref8 26. Re2 Bh4 1/2-1/2

[Event "4NCL/Div2/SWD1 vs. MMNWE2"]
[Site "West Bromwich ENG"]
[Date "2004.05.03"]
[Round "9.3"]
[White "James, David J"]
[Black "Richards, Heather"]
[Result "1-0"]
[WhiteElo "2258"]
[BlackElo "2211"]
[PlyCount "101"]
[EventDate "2004.05.03"]

1. Nf3 e6 2. d4 Nf6 3. g3 b6 4. Bg2 Bb7 5. O-O Be7 6. c4 O-O 7. Nc3 d6 8. Qc2
Nbd7 9. e4 e5 10. d5 a5 11. Rb1 Nc5 12. b3 Bc8 13. a3 a4 14. b4 Nb3 15. Be3 Bd7
16. c5 bxc5 17. bxc5 Qc8 18. c6 Bh3 19. Nxa4 Bxg2 20. Kxg2 Rxa4 21. Qxb3 Qa6
22. Qb7 Qxb7 23. cxb7 Rb8 24. Rfc1 Bd8 25. Nd2 Ng4 26. Rc3 Kf8 27. h3 Nxe3+ 28.
Rxe3 Ke8 29. Rc3 Kd7 30. Nc4 Ra7 31. Rcb3 Ra4 32. Rb4 Rxb4 33. Rxb4 c5 34. Rb5
Kc7 35. Na5 Bg5 36. Kf1 g6 37. Ke2 f5 38. f3 h5 39. a4 h4 40. g4 fxe4 41. fxe4
Bf6 42. Kd3 Bg5 43. Kc4 Bf6 44. Rb2 Bg5 45. Kb5 Bc1 46. Rf2 Bf4 47. Ka6 c4 48.
Rc2 Be3 49. Rxc4+ Bc5 50. Rc1 g5 51. Rf1 1-0

[Event "4NCL/Div2/SWD1 vs. MMNWE2"]
[Site "West Bromwich ENG"]
[Date "2004.05.03"]
[Round "9.4"]
[White "van der Linden, Lukas"]
[Black "Morris, Charles F"]
[Result "0-1"]
[WhiteElo "2275"]
[BlackElo "2225"]
[PlyCount "100"]
[EventDate "2004.05.03"]

1. d4 d5 2. c4 c6 3. Nf3 Nf6 4. Nc3 dxc4 5. a4 Bf5 6. e3 e6 7. Bxc4 Bb4 8. O-O
Nbd7 9. Qe2 Bg6 10. Na2 Bd6 11. b4 Ne4 12. Bb2 Bh5 13. Rfd1 Ng5 14. e4 Nxf3+
15. gxf3 Qg5+ 16. Kf1 Bxh2 17. Qd3 Rd8 18. Qb3 O-O 19. Ke2 Nf6 20. Rh1 Qg2 21.
Qe3 Rfe8 22. Rad1 Nd5 23. Bxd5 exd5 24. e5 Rd6 25. Rxh2 Qxh2 26. Rd3 Rg6 27.
Nc1 Rg2 28. Rc3 g5 29. Nd3 Kh8 30. Bc1 f5 31. Kd2 f4 32. Qe2 Re6 33. Kc2 Bg6
34. Kb3 Qg1 35. Nc5 Rxf2 36. Qxf2 Qxf2 37. Nxe6 h6 38. b5 Bf5 39. bxc6 bxc6 40.
Rxc6 Bxe6 41. Rxe6 Qxd4 42. Bb2 Qc4+ 43. Ka3 Kh7 44. Rd6 a5 45. Rd7+ Kg6 46. e6
Kf5 47. Rh7 Kxe6 48. Rxh6+ Kf7 49. Rh7+ Kg6 50. Rg7+ Kh6 0-1

[Event "4NCL/Div2/SWD1 vs. MMNWE2"]
[Site "West Bromwich ENG"]
[Date "2004.05.03"]
[Round "9.5"]
[White "Zeidler, Sven P"]
[Black "Lund, D Brett"]
[Result "0-1"]
[WhiteElo "2233"]
[BlackElo "2231"]
[PlyCount "100"]
[EventDate "2004.05.03"]

1. e4 d6 2. d4 Nf6 3. Nc3 c6 4. Nf3 Bg4 5. Be3 e6 6. Bd3 d5 7. O-O Be7 8. h3
Bh5 9. e5 Nfd7 10. g4 Bg6 11. Ne2 c5 12. c3 Nc6 13. Nf4 cxd4 14. cxd4 Nb6 15.
b3 Qd7 16. a4 a6 17. Nxg6 hxg6 18. Kg2 Nb4 19. Be2 O-O-O 20. Bd2 Kb8 21. a5 Nc8
22. Ra4 Nc6 23. Ne1 N8a7 24. Nd3 Nb5 25. Qa1 Rc8 26. Rc1 Nca7 27. Bb4 Rxc1 28.
Qxc1 Nxd4 29. Bxe7 Nxe2 30. Qg5 d4 31. Bd6+ Ka8 32. Qd2 Qc6+ 33. f3 Nc3 34.
Rxd4 Ncb5 35. Rf4 f5 36. Nb4 Qd7 37. Nc2 Rd8 38. Qe3 Nxd6 39. exd6 Nb5 40. gxf5
gxf5 41. Nd4 Qxd6 42. Nxb5 axb5 43. Rh4 e5 44. Qe2 Qg6+ 45. Kh2 Qg5 46. Qf2 Qc1
47. Rh7 b6 48. Rh8 Rxh8 49. axb6 Kb7 50. Qg2 Qf4+ 0-1

[Event "4NCL/Div2/SWD1 vs. MMNWE2"]
[Site "West Bromwich ENG"]
[Date "2004.05.03"]
[Round "9.6"]
[White "Hughes, Howard R"]
[Black "Trevelyan, John"]
[Result "1-0"]
[WhiteElo "2212"]
[BlackElo "2145"]
[PlyCount "107"]
[EventDate "2004.05.03"]

1. e4 d6 2. f4 Nf6 3. d3 e5 4. Nf3 Nbd7 5. Be2 c6 6. O-O Qc7 7. a4 d5 8. fxe5
Nxe5 9. Nxe5 Qxe5 10. exd5 Bd6 11. g3 Bc5+ 12. Kg2 Nxd5 13. Nc3 Ne3+ 14. Bxe3
Bxe3 15. Bh5 O-O 16. Bxf7+ Kh8 17. Qh5 Qxh5 18. Bxh5 Bd7 19. Ne4 g6 20. Bf3 b6
21. Rae1 Bd4 22. c3 Bg7 23. d4 Rad8 24. Nd6 Bh3+ 25. Kxh3 Rxd6 26. Re7 Rdf6 27.
Kg2 R6f7 28. Rxf7 Rxf7 29. Bxc6 Rxf1 30. Kxf1 Bh6 31. Ke2 Kg7 32. Kd3 Kf6 33.
Kc4 Bc1 34. b4 Ke7 35. Kd3 Kd6 36. Be4 Ba3 37. Kc2 Kc7 38. h3 Kd7 39. g4 Kc7
40. Kb3 Bc1 41. c4 Bd2 42. c5 a5 43. b5 Be3 44. Kc4 Bf2 45. Kd5 Be3 46. cxb6+
Kxb6 47. Ke5 Kc7 48. d5 Bc5 49. Ke6 Kd8 50. d6 Bf2 51. d7 Bg3 52. Bc6 Bf2 53.
Kf7 Bd4 54. g5 1-0

[Event "4NCL/Div2/SWD1 vs. MMNWE2"]
[Site "West Bromwich ENG"]
[Date "2004.05.03"]
[Round "9.7"]
[White "Saunders, John C"]
[Black "Hulmes, David I"]
[Result "1/2-1/2"]
[WhiteElo "2195"]
[BlackElo "2170"]
[PlyCount "45"]
[EventDate "2004.05.03"]

1. e4 e5 2. Nf3 Nc6 3. c3 Nf6 4. d4 d5 5. Bb5 exd4 6. e5 Ne4 7. Nxd4 Bd7 8. Qb3
a6 9. Qxd5 axb5 10. Qxe4 Nxd4 11. Qxd4 Ra4 12. Qd3 Rg4 13. Qf3 Qh4 14. g3 Re4+
15. Be3 Qg4 16. Nd2 Qxf3 17. Nxf3 Bc5 18. Nd4 Rxe5 19. O-O-O Bg4 20. Bf4 Re7
21. Rde1 Bxd4 22. cxd4 c6 23. Bd6 1/2-1/2

[Event "4NCL/Div2/SWD1 vs. MMNWE2"]
[Site "West Bromwich ENG"]
[Date "2004.05.03"]
[Round "9.8"]
[White "Savory, Richard J"]
[Black "Wilson, Julie"]
[Result "1-0"]
[WhiteElo "2096"]
[BlackElo "1720"]
[PlyCount "39"]
[EventDate "2004.05.03"]

1. e4 e6 2. Nf3 d5 3. e5 c5 4. b4 cxb4 5. a3 Nc6 6. axb4 Bxb4 7. c3 Ba5 8. d4
Nge7 9. Bd3 Bd7 10. O-O Ng6 11. Ng5 Nce7 12. Qf3 O-O 13. Qh5 h6 14. Nh3 Be8 15.
Bxh6 f5 16. exf6 Rxf6 17. Bg5 Rf8 18. Bxe7 Nxe7 19. Bh7+ Kh8 20. Bg6+ 1-0

[Event "4NCL/Div2/WRO vs. PPA1"]
[Site "West Bromwich ENG"]
[Date "2004.05.03"]
[Round "9.1"]
[White "Gourlay, Iain"]
[Black "Swanson, Stephen"]
[Result "0-1"]
[WhiteElo "2275"]
[BlackElo "2283"]
[PlyCount "90"]
[EventDate "2004.05.03"]

1. Nf3 d6 2. g3 e5 3. d3 Nf6 4. c4 Be7 5. Nc3 O-O 6. Bg2 c6 7. O-O Re8 8. c5
Nbd7 9. cxd6 Bxd6 10. Nd2 Nf8 11. Nc4 Bc7 12. b4 a6 13. a4 Be6 14. Qc2 Qd7 15.
Rd1 Nd5 16. Ba3 Bh3 17. Bxh3 Qxh3 18. Nxd5 cxd5 19. Ne3 Bb6 20. Nxd5 Rac8 21.
Qa2 Rc6 22. e3 Ba7 23. f3 Rh6 24. b5 Rd8 25. b6 Bxb6 26. Nxb6 Rxb6 27. Rab1
Rxb1 28. Qxb1 Qd7 29. a5 Ne6 30. Qb2 Qd5 31. Kf2 Qxa5 32. Be7 Rd7 33. Bb4 Qb5
34. Qc3 h6 35. f4 exf4 36. gxf4 Rc7 37. Qd2 Qa4 38. Kg3 Rc2 39. Qe1 Qa2 40. Rd2
Rxd2 41. Bxd2 Nc5 42. Qc1 Qd5 43. d4 Ne4+ 44. Kg4 h5+ 45. Kh3 Nxd2 0-1

[Event "4NCL/Div2/WRO vs. PPA1"]
[Site "West Bromwich ENG"]
[Date "2004.05.03"]
[Round "9.2"]
[White "Posazhennikov, Alex"]
[Black "Gayson, Peter M"]
[Result "1-0"]
[WhiteElo "2253"]
[BlackElo "2239"]
[PlyCount "75"]
[EventDate "2004.05.03"]

1. e4 c5 2. d3 e6 3. f4 d5 4. Be2 dxe4 5. dxe4 Qxd1+ 6. Bxd1 Nc6 7. c3 e5 8.
Nf3 exf4 9. Bxf4 Nge7 10. Nbd2 Ng6 11. Bg3 Be7 12. O-O Be6 13. Bb3 Bxb3 14.
axb3 O-O 15. Nc4 h5 16. Rfd1 Rad8 17. Rd5 h4 18. Bc7 Rc8 19. Rd7 Rfe8 20. Bd6
Rcd8 21. Rxd8 Rxd8 22. Bxe7 Ngxe7 23. Nxh4 b5 24. Na5 Rd2 25. Nf3 Rxb2 26. Nxc6
Nxc6 27. Ra6 Ne7 28. Rxa7 Ng6 29. Ra8+ Kh7 30. Ng5+ Kh6 31. Nxf7+ Kh5 32. Rc8
Nf4 33. Rxc5+ Kg6 34. Ne5+ Kh7 35. g3 Nh3+ 36. Kf1 Rxb3 37. Nf3 Rb1+ 38. Kg2
1-0

[Event "4NCL/Div2/WRO vs. PPA1"]
[Site "West Bromwich ENG"]
[Date "2004.05.03"]
[Round "9.3"]
[White "Adams, David M"]
[Black "Harley, Andrew"]
[Result "1/2-1/2"]
[WhiteElo "2186"]
[BlackElo "2238"]
[PlyCount "42"]
[EventDate "2004.05.03"]

1. e4 e6 2. d4 d5 3. Nd2 c5 4. exd5 Qxd5 5. Ngf3 cxd4 6. Bc4 Qd6 7. O-O Nf6 8.
Nb3 Nc6 9. Nbxd4 Nxd4 10. Qxd4 Qxd4 11. Nxd4 Bd7 12. b3 Bc5 13. Bb2 O-O 14.
Rad1 a6 15. Nf3 Bc6 16. Ne5 Be4 17. Nd3 Be7 18. Rfe1 Bf5 19. a4 Rac8 20. Re2
Rfd8 21. Rde1 Nd5 1/2-1/2

[Event "4NCL/Div2/WRO vs. PPA1"]
[Site "West Bromwich ENG"]
[Date "2004.05.03"]
[Round "9.4"]
[White "Moore, Gerald"]
[Black "van Kemenade, Rudy"]
[Result "1-0"]
[WhiteElo "2225"]
[BlackElo "2119"]
[PlyCount "69"]
[EventDate "2004.05.03"]

1. Nf3 f5 2. g3 Nf6 3. Bg2 g6 4. O-O Bg7 5. c4 d6 6. d4 O-O 7. Nc3 Qe8 8. d5
Na6 9. Rb1 c5 10. Bf4 Nh5 11. Qd2 Nxf4 12. gxf4 Nc7 13. Kh1 Bd7 14. Rg1 b5 15.
cxb5 Nxb5 16. Nxb5 Bxb5 17. Ng5 Bd7 18. Qe3 Rb8 19. Qh3 h6 20. Ne6 Bxe6 21.
dxe6 Kh7 22. b3 Qb5 23. Bf3 Rf6 24. Rg3 c4 25. Rbg1 c3 26. Qg2 Rg8 27. Bh5 g5
28. fxg5 f4 29. gxf6 fxg3 30. f7 Qxh5 31. Qxg3 Qd5+ 32. f3 Qe5 33. Qg6+ Kh8 34.
Qxh6+ Bxh6 35. fxg8=Q# 1-0

[Event "4NCL/Div2/WRO vs. PPA1"]
[Site "West Bromwich ENG"]
[Date "2004.05.03"]
[Round "9.5"]
[White "Barrett, Steve J"]
[Black "Byway, Paul"]
[Result "1-0"]
[WhiteElo "2146"]
[BlackElo "2213"]
[PlyCount "73"]
[EventDate "2004.05.03"]

1. d4 Nf6 2. c4 e6 3. Nc3 d5 4. cxd5 exd5 5. Bg5 Bb4 6. Nf3 Nbd7 7. e3 c5 8.
Bb5 Qa5 9. O-O Bxc3 10. Bxd7+ Bxd7 11. Bxf6 Bb5 12. Bxg7 Rg8 13. Bf6 Rg6 14.
Bh4 Bxb2 15. Rb1 Bxf1 16. Kxf1 Qxa2 17. Qc2 Qc4+ 18. Qxc4 dxc4 19. Rxb2 c3 20.
Rc2 cxd4 21. Nxd4 Rc8 22. Nb5 Rc5 23. Nd4 a6 24. f3 b5 25. Nb3 Rh5 26. Bg3 b4
27. Bc7 Rgg5 28. g4 Rc5 29. gxh5 Rxc7 30. Ke2 Rd7 31. Ra2 Rd6 32. Ra4 Rd5 33.
Rxb4 Rxh5 34. h4 Kd7 35. Kd3 Rf5 36. Nd4 Rc5 37. Rc4 {time} 1-0

[Event "4NCL/Div2/WRO vs. PPA1"]
[Site "West Bromwich ENG"]
[Date "2004.05.03"]
[Round "9.6"]
[White "Morgan, Ben"]
[Black "Cumbers, Paul"]
[Result "1-0"]
[WhiteElo "2204"]
[BlackElo "2108"]
[PlyCount "105"]
[EventDate "2004.05.03"]

1. d4 Nf6 2. c4 c5 3. d5 e6 4. Nf3 exd5 5. cxd5 d6 6. e4 a6 7. Bd3 b5 8. a4 c4
9. Bc2 Bb7 10. axb5 axb5 11. Rxa8 Bxa8 12. Na3 Qa5+ 13. Bd2 c3 14. Bxc3 b4 15.
Nc4 Qc5 16. Bxf6 Qxc4 17. Bd3 Qa2 18. Bd4 Be7 19. Bb5+ Nd7 20. O-O Qa5 21. Qa4
Qxa4 22. Bxa4 Kd8 23. Ra1 Bb7 24. Bc6 Kc7 25. Bxb7 Kxb7 26. Ra7+ Kc8 27. Ra8+
Nb8 28. Ba7 Kb7 29. Rxb8+ Rxb8 30. Bxb8 Kxb8 31. Nd4 Bf6 32. Nc6+ Kc7 33. b3
Bc3 34. Kf1 Kb6 35. Ke2 Kc5 36. Kd3 Bf6 37. f4 g6 38. g4 h6 39. Na5 Be7 40. Nc4
Bf8 41. h4 Be7 42. g5 hxg5 43. hxg5 f6 44. gxf6 Bxf6 45. e5 dxe5 46. fxe5 Bh4
47. Ke4 g5 48. Ne3 Bf2 49. Ng4 Bg3 50. Nf6 Bf4 51. Nd7+ Kb5 52. Kf5 Bg3 53. e6
1-0

[Event "4NCL/Div2/WRO vs. PPA1"]
[Site "West Bromwich ENG"]
[Date "2004.05.03"]
[Round "9.7"]
[White "Arnott, Jonathan W"]
[Black "Rosen, Daniel B"]
[Result "0-1"]
[WhiteElo "2126"]
[BlackElo "2145"]
[PlyCount "54"]
[EventDate "2004.05.03"]

1. e4 g6 2. d3 Bg7 3. g3 d6 4. Bg2 Nf6 5. f4 Nc6 6. Nf3 Bg4 7. c3 e5 8. h3 Bxf3
9. Bxf3 Qe7 10. Na3 h5 11. Qa4 Bh6 12. fxe5 Bxc1 13. Rxc1 Qxe5 14. Kf2 h4 15.
g4 Qf4 16. Nc4 O-O 17. g5 Nd7 18. Rcg1 b5 19. Rg4 Qg3+ 20. Rxg3 hxg3+ 21. Kxg3
bxa4 22. e5 Ndxe5 23. Nxe5 Nxe5 24. Bxa8 Rxa8 25. Rd1 Rb8 26. Rd2 Kg7 27. Kf4
Rxb2 0-1

[Event "4NCL/Div2/WRO vs. PPA1"]
[Site "West Bromwich ENG"]
[Date "2004.05.03"]
[Round "9.8"]
[White "Vann, Monica"]
[Black "van Kemenade, Julie"]
[Result "0-1"]
[WhiteElo "1528"]
[BlackElo "1680"]
[PlyCount "112"]
[EventDate "2004.05.03"]

1. e4 d6 2. Nc3 e5 3. f4 Nc6 4. Nf3 Nf6 5. Bc4 Be7 6. O-O Na5 7. fxe5 Nxc4 8.
exf6 Bxf6 9. d3 Ne5 10. Nd5 Nxf3+ 11. Qxf3 Bd4+ 12. Be3 Bxe3+ 13. Nxe3 Be6 14.
Nf5 Qf6 15. c3 O-O-O 16. d4 Kb8 17. b4 h5 18. b5 g5 19. Ne3 Qg6 20. a4 g4 21.
Qf4 Ka8 22. d5 Bc8 23. Nc4 Rhe8 24. e5 dxe5 25. Nxe5 Qb6+ 26. Kh1 Rxd5 27. Nxf7
Rf5 28. Qh6 Rxf7 29. Qxb6 Rxf1+ 30. Rxf1 cxb6 31. g3 Be6 32. Kg1 Kb8 33. Rf6
Bc4 34. Rf5 Re1+ 35. Kg2 Re2+ 36. Kg1 Ra2 37. Rxh5 Rxa4 38. Rg5 Be2 39. Rg8+
Kc7 40. Rg7+ Kd6 41. Rxb7 Kc5 42. Re7 Bf3 43. Re5+ Kc4 44. Rf5 Kxc3 45. h3 Ra1+
46. Kf2 Bd1 47. hxg4 Bxg4 48. Rf4 Ra2+ 49. Kg1 Bd7 50. Rf3+ Kb4 51. g4 Bxg4 52.
Rf4+ Kxb5 53. Rxg4 Rc2 54. Rg5+ Kb4 55. Rg4+ Rc4 56. Rg6 Kb5 0-1

[Event "4NCL/Div2/KHE vs. PYO"]
[Site "West Bromwich ENG"]
[Date "2004.05.03"]
[Round "9.1"]
[White "McMichael, Richard"]
[Black "Haslinger, Stewart"]
[Result "1/2-1/2"]
[WhiteElo "2298"]
[BlackElo "2410"]
[PlyCount "73"]
[EventDate "2004.05.03"]

1. c4 e5 2. g3 Nf6 3. Bg2 d5 4. cxd5 Nxd5 5. Nf3 Nc6 6. d3 Be7 7. O-O O-O 8. a3
a5 9. d4 exd4 10. Nxd4 Nxd4 11. Qxd4 Be6 12. e4 Nf4 13. Qe3 Nxg2 14. Kxg2 Qd7
15. Re1 Bh3+ 16. Kg1 f5 17. Qd2 fxe4 18. Qxd7 Bxd7 19. Nc3 Bc5 20. Be3 Bxe3 21.
Rxe3 Bc6 22. Rae1 Rad8 23. Nxe4 Rfe8 24. Nc3 Rxe3 25. Rxe3 b5 26. Kf1 b4 27.
axb4 axb4 28. Ne4 Rd1+ 29. Ke2 Rb1 30. b3 Bxe4 31. Rxe4 Rb2+ 32. Ke1 Rb1+ 33.
Ke2 Rb2+ 34. Ke1 Rxb3 35. Rc4 Rb1+ 36. Ke2 Rb2+ 37. Kf3 1/2-1/2

[Event "4NCL/Div2/KHE vs. PYO"]
[Site "West Bromwich ENG"]
[Date "2004.05.03"]
[Round "9.2"]
[White "Rendle, Thomas E"]
[Black "Thomas, Richard H"]
[Result "1/2-1/2"]
[WhiteElo "2283"]
[BlackElo "2235"]
[PlyCount "119"]
[EventDate "2004.05.03"]

1. e4 g6 2. d4 Bg7 3. Nc3 c6 4. Be3 d5 5. h3 dxe4 6. Nxe4 Nd7 7. Bc4 Ngf6 8.
Nxf6+ Nxf6 9. Nf3 Nd5 10. O-O O-O 11. Bg5 h6 12. Bh4 Be6 13. Bb3 Nf4 14. Bg3
Bxb3 15. axb3 Ne6 16. c3 Ng5 17. Nxg5 hxg5 18. b4 e6 19. Qb3 a6 20. Ra5 Qe7 21.
Be5 Rad8 22. Re1 Rfe8 23. Bxg7 Kxg7 24. Qd1 Rd5 25. Rxd5 cxd5 26. Qg4 f6 27.
Qg3 Rd8 28. Ra1 Qd6 29. Qxd6 Rxd6 30. Ra5 b5 31. Ra1 f5 32. g3 Kf6 33. Re1 Rd8
34. Kg2 Rd7 35. Ra1 Rd6 36. Kf3 Rc6 37. Rh1 Rc8 38. h4 g4+ 39. Ke3 Rc7 40. Ra1
Rc6 41. Kf4 Rb6 42. f3 gxf3 43. Kxf3 e5 44. dxe5+ Kxe5 45. Re1+ Kf6 46. Re8 Rc6
47. Rd8 Ke5 48. Re8+ Kf6 49. Rd8 Ke5 50. Ke3 Rc4 51. Re8+ Kf6 52. Ra8 d4+ 53.
cxd4 Rxb4 54. Rxa6+ Kf7 55. Rb6 Rxb2 56. Kf4 Rb3 57. d5 Rb4+ 58. Kf3 Rb3+ 59.
Kf4 Rb4+ 60. Kf3 1/2-1/2

[Event "4NCL/Div2/KHE vs. PYO"]
[Site "West Bromwich ENG"]
[Date "2004.05.03"]
[Round "9.3"]
[White "Lewis, Alex"]
[Black "Bigg, Andrew J"]
[Result "0-1"]
[WhiteElo "2159"]
[BlackElo "2267"]
[PlyCount "66"]
[EventDate "2004.05.03"]

1. e4 e6 2. d3 d5 3. Qe2 dxe4 4. dxe4 e5 5. Nf3 Nc6 6. c3 Nf6 7. Bg5 Be7 8. Qc2
Nh5 9. Be3 a6 10. Nbd2 O-O 11. O-O-O Qe8 12. h3 b5 13. g4 Nf6 14. a3 Rb8 15.
Nh4 a5 16. Nf5 Be6 17. Nb3 b4 18. cxb4 axb4 19. a4 Bxb3 20. Qxb3 Na5 21. Qc2 b3
22. Nxe7+ Qxe7 23. Qc3 Nb7 24. f3 Nd6 25. Bc5 Nd7 26. Rd5 Nxc5 27. Rxc5 Qg5+
28. Kb1 Qf4 29. Rg1 Rfd8 30. Bg2 Qh2 31. Qe3 Rb4 32. Bf1 Nc4 33. Rxc4 Rd1+ 0-1

[Event "4NCL/Div2/KHE vs. PYO"]
[Site "West Bromwich ENG"]
[Date "2004.05.03"]
[Round "9.4"]
[White "Broomfield, Matthew"]
[Black "Guthrie, David"]
[Result "1-0"]
[WhiteElo "2278"]
[BlackElo "2171"]
[PlyCount "83"]
[EventDate "2004.05.03"]

1. d4 d5 2. c4 e6 3. g3 Nf6 4. Bg2 Be7 5. Nf3 O-O 6. O-O dxc4 7. Qc2 a6 8. Qxc4
b5 9. Qc2 Bb7 10. Bf4 Nc6 11. Rd1 Nb4 12. Qc1 Qc8 13. Bg5 Rd8 14. Nbd2 c5 15.
Bxf6 gxf6 16. a3 Nd5 17. Nb3 c4 18. Na5 Rb8 19. e4 Nb6 20. Nxb7 Rxb7 21. Qh6
Rc7 22. d5 Bf8 23. Qxf6 Bg7 24. Qh4 exd5 25. exd5 c3 26. bxc3 Rxc3 27. Ng5 h6
28. Nxf7 Kxf7 29. Bh3 Qc7 30. Be6+ Kf8 31. d6 Rxd6 32. Qf4+ Ke7 33. Qf7+ Kd8
34. Qg8+ Ke7 35. Re1 Kf6 36. Re4 Rf3 37. Bg4 Qc3 38. Rae1 h5 39. Re6+ Kg5 40.
R1e5+ Kxg4 41. Qxg7+ Kh3 42. Rxh5# 1-0

[Event "4NCL/Div2/KHE vs. PYO"]
[Site "West Bromwich ENG"]
[Date "2004.05.03"]
[Round "9.5"]
[White "O'Shaughnessy, Conor"]
[Black "Dorrington, Christopher"]
[Result "1/2-1/2"]
[WhiteElo "2202"]
[BlackElo "2179"]
[PlyCount "39"]
[EventDate "2004.05.03"]

1. e4 c5 2. Nf3 Nc6 3. c3 d5 4. exd5 Qxd5 5. d4 Nf6 6. Be2 e6 7. O-O cxd4 8.
cxd4 Be7 9. Nc3 Qd6 10. Be3 O-O 11. Rc1 Rd8 12. Qd2 Nd5 13. Rfd1 Bf6 14. Ne4
Qe7 15. a3 Nxe3 16. Qxe3 Bd7 17. Nxf6+ Qxf6 18. Ne5 Be8 19. Bf3 Rac8 20. Bxc6
1/2-1/2